Регионална библиотека "Любен Каравелов" - Русе

Лодоиска (Запис номер 157476)

MARC детайли
000 -Лидер
Контролно поле с фиксирана дължина 01468nam a2200325 c 4500
003 - Код на организацията, давaща контролен номер
Контролно поле BLK
005 - Дата и час на последна редакция
Контролно поле 20240731005407.0
008 - Елементи от данни с фиксирана дължина
fixed length control field 180410b bul|||||r ||||||| ||bul||
010 ## - Наследен системен номер
LC control number KNG00164420000
040 ## - Източник на каталожния запис
Идентификатор на билиотеката - собственик на записа BLK
041 ## - Код за език
Код за езика на текст/звукозапис или на отделно заглавие Български
Код за езика КДБФ Български
072 #7 - Код за тематичната категория
Код организация bullib
Код за тематична категория С
Текст Старопечатен фонд
080 ## - УДК
Текстов определител УДК Полска литература
УДК код - определител по УДК 821.162.1
УДК определител -34
УДК - код + определител 821.162.1-34
100 1# - Редна дума - Автор
Автор Шербюлие, Виктор
Авторска отговорност първи автор
R(LIN) 143241
139 ## - Редно поле
Редна дума Шербюлие, Виктор
Авторски знак Шер - Ш 57
245 10 - Сведения за заглавието
Заглавие Лодоиска
Подзаглавни данни Поляшка историческа приказка
Редно поле (дума) Виктор Шербюлие; прев. Петко Рачов Славейков.
257 ## - Страна на издаване
Страна на създаване/издаване България
260 ## - Област на издателските данни
-- Цариград
Година на издаване 1868
Печатница Цариград : В печатницата на "Македония"
300 ## - Физическа характеристика
Страници 100 с.
Размери/Мащаб 19 см
380 ## - Жанр
Жанр Худож. лит.
500 ## - Общи забележки
Забележка Името на авт. е взето от БВК, т. 1
659 ## - Тематичен бюлетин
Тематичен бюлетин С
700 1# - Други автори (авторска отговорност)
Лично име Славейков, Петко Рачов
Дати, свързани с автора 1827-1895
Друга информация Виден възрожд. деец, участник в борбата за църк. освобожд., просветител, писател, поет, публицист, фолклорист, политик
Автороска отговорност (Описва отношението между автора и произведението) прев.
9 (RLIN) 121105
852 ## - Местоположение
Форматна сигнатура Цб Ст 6966 * 1001
856 4# - Електронен адрес и достъп
Електронен формат pdf - файл
Път до файла /url/
856 4# - Електронен адрес и достъп
Електронен формат pdf - файл
Път до файла /url/
942 ## - АРТИКУЛИ
Вид на библиотечния материал Книги
Скрит в OPAC Не
Koha issues (borrowed), all copies 1
944 ## - СЪЗДАВАНЕ И РЕДАКЦИЯ на ЗАПИСА
Създаване/Редакция Създаване
Дата на регистрацията/редакция 27.08.2014
Служител, извършил регистрацията/редакцията
Статус, дата на статуса CRON CRON
944 ## - СЪЗДАВАНЕ И РЕДАКЦИЯ на ЗАПИСА
Създаване/Редакция Редакция
Дата на регистрацията/редакция 27.08.2014
Служител, извършил регистрацията/редакцията
999 ## - СИСТЕМНИ КОНТРОЛНИ НОМЕРА
Koha biblionumber 157476
Koha biblioitemnumber 157476
Наличности
Код за отписване Код за изгубен артикул Източник на класификационната схема Код за повреда Коз за рестрикции Код за отдаване Артикулен № Име на библиотеката - собственик Име на библиотеката, в която се намира в момента Статус (Текущо местоположение) Дата на вписване в системата Местоположение - отдел Цена в лева Инвентарен номер Систематично азбучна сигнатура Баркод Номер на екземпляра Цена в евро Служебна бележка Служебен тип на артикула
  Не е изгубен Universal Decimal Classification Не е повреден само за читалня Специални фондове ( старопечатни, редки и ценни, фонд М. Арнаудов) 263801 Регионална библиотека "Любен Каравелов" Русе Регионална библиотека "Любен Каравелов" Русе Старопечатен фонд 1868-01-01 Старопечатен фонд 0.80 14161/58-ст Цб Ст 6966 * 1001 900000000688 1 0.41 Дост: DA Вид: Сф Дата: 01.01.1868 Дата инв: 02.04.2018 Бележки инв: СТ2018 Книги
Vip Innovations Ltd, Rousse, Bulgaria 2025